[Event "Championnat Loire Jeunes 2009 - Pupilles"]
[Site "Saint Just"]
[Date "2009.10.24"]
[Round "1.1"]
[White "Villemagne, Antoine"]
[Black "Bertinelli, Roman"]
[Result "0-1"]
[WhiteElo "1300"]
[BlackElo "1099"]
[PlyCount "104"]
[EventDate "2009.??.??"]

1. e4 e5 2. Nf3 Nc6 3. Bc4 Bc5 4. O-O Nf6 5. Nc3 O-O 6. d3 d6 7. Bg5 Qe8 8. a3
Bg4 9. h3 Bh5 10. g4 Bg6 11. b4 Bb6 12. Na4 a5 13. bxa5 Bxa5 14. Bb5 Bb6 15.
Nxb6 cxb6 16. d4 Qd8 17. dxe5 dxe5 18. Nxe5 Nxe5 19. f4 Re8 20. fxe5 Rxe5 21.
Bxf6 gxf6 22. Qe2 Bxe4 23. Rxf6 Qxf6 24. Rf1 Qd6 25. Bc4 Rf8 26. Rf4 Bd5 27.
Qd2 Kg7 28. Qd3 Re1+ 29. Rf1 Re5 30. Qd4 f6 31. Qf4 Qc6 32. Bb3 Bxb3 33. cxb3
Rd8 34. g5 Rf8 35. gxf6+ Rxf6 36. Qxe5 Qe6 37. Qg3+ Rg6 38. Qg4 Rxg4+ 39. hxg4
Qe3+ 40. Kg2 Qe2+ 41. Rf2 Qe4+ 42. Kg3 Qe5+ 43. Rf4 h6 44. Kh4 Qxf4 45. Kh3 h5
46. Kh4 Qh2+ 47. Kg5 h4 48. Kf5 Qf2+ 49. Kg5 h3 50. Kh5 h2 51. g5 h1=R+ 52. Kg4
Rh4# 0-1

[Event "Championnat Loire Jeunes 2009 - Pupilles"]
[Site "Saint Just"]
[Date "2009.10.24"]
[Round "1.2"]
[White "Crespy, Killian"]
[Black "Coulomb, Marc"]
[Result "0-1"]
[WhiteElo "1099"]
[BlackElo "1210"]
[PlyCount "48"]
[EventDate "2009.??.??"]

1. d4 e6 2. e4 Nf6 3. Bc4 Nxe4 4. f3 Nd6 5. Bb3 Nb5 6. Nc3 Nxc3 7. bxc3 Nc6 8.
d5 exd5 9. Bxd5 Ne7 10. f4 Nxd5 11. Nf3 Qe7+ 12. Ne5 Nxc3 13. Qd3 Qh4+ 14. g3
Qh3 15. Qxc3 b6 16. f5 a5 17. Qa3 Bxa3 18. Bxa3 Qxf5 19. Bb2 Rf8 20. Rd1 d6 21.
Nc6 Qe4+ 22. Kf1 Qxh1+ 23. Ke2 Qxc6 24. g4 Bxg4+ 0-1

[Event "Championnat Loire Jeunes 2009 - Pupilles"]
[Site "Saint Just"]
[Date "2009.10.24"]
[Round "2.1"]
[White "Bertinelli, Roman"]
[Black "Coulomb, Marc"]
[Result "1-0"]
[WhiteElo "1099"]
[BlackElo "1210"]
[PlyCount "57"]
[EventDate "2009.??.??"]

1. e4 e5 2. Bc4 Nf6 3. Nc3 c6 4. Nf3 d5 5. Bb3 d4 6. Nxe5 Qc7 7. f4 dxc3 8.
dxc3 Bd6 9. Nd3 O-O 10. O-O Bg4 11. Qe1 Nbd7 12. e5 Rfe8 13. a4 b5 14. h3 bxa4
15. Rxa4 Nb6 16. Ra5 Nh5 17. hxg4 Nc4 18. Bxc4 Qxa5 19. gxh5 Qb6+ 20. Kh1 Bb8
21. b4 a5 22. Ba3 c5 23. bxc5 Qc7 24. Bb5 Re6 25. c6 Qd8 26. Bc4 Rxc6 27. Bb5
Rh6 28. Qe2 Kh8 29. Bb2 1-0

[Event "Championnat Loire Jeunes 2009 - Pupilles"]
[Site "Saint Just"]
[Date "2009.10.24"]
[Round "3.1"]
[White "Crespy, Killian"]
[Black "Bertinelli, Roman"]
[Result "1-0"]
[WhiteElo "1099"]
[BlackElo "1099"]
[PlyCount "74"]
[EventDate "2009.??.??"]

1. d4 d5 2. e3 e6 3. g4 Bb4+ 4. Bd2 Bd6 5. h4 e5 6. dxe5 Bxe5 7. Nf3 Bxb2 8.
Nc3 Bxa1 9. Qxa1 Nf6 10. g5 Nfd7 11. Nxd5 Na6 12. Qxg7 Rf8 13. Bb4 c5 14. Ba3
Qa5+ 15. Nd2 Qxa3 16. g6 Qc1+ 17. Ke2 Ne5 18. gxh7 Bg4+ 19. f3 Bxf3+ 20. Nxf3
Qxc2+ 21. Nd2 Nd3 22. h8=R Rxh8 23. Qxh8+ Kd7 24. Qxa8 Nc1+ 25. Ke1 Kd6 26.
Qxb7 Qxa2 27. e4 Qa3 28. Qxa6+ Ke5 29. Qxa3 f5 30. Qc3+ Ke6 31. Qf6+ Kd7 32. h5
a5 33. h6 a4 34. h7 Nd3+ 35. Kd1 Nf2+ 36. Kc1 Nxh1 37. Qe7+ Kc6 1-0

[Event "Championnat Loire Jeunes 2009 - Pupilles"]
[Site "Saint Just"]
[Date "2009.10.24"]
[Round "3.2"]
[White "Coulomb, Marc"]
[Black "Villemagne, Antoine"]
[Result "0-1"]
[WhiteElo "1210"]
[BlackElo "1300"]
[PlyCount "70"]
[EventDate "2009.??.??"]

1. e3 e5 2. e4 Nf6 3. d4 Bd6 4. Bg5 h6 5. Bd2 Nc6 6. Bb5 a6 7. Bc4 Nxe4 8. Be3
Bb4+ 9. c3 Ba5 10. d5 Ne7 11. Nf3 O-O 12. O-O b5 13. Bd3 Nf6 14. Nxe5 Nexd5 15.
Be4 Re8 16. Ng4 Nxg4 17. Qxg4 Nf6 18. Qf4 Rxe4 19. Nd2 Rxf4 20. Bxf4 g5 21. Be5
Bb7 22. Rac1 d6 23. b3 dxe5 24. b4 Qd5 25. f3 Bb6+ 26. Kh1 Qxd2 27. Rcd1 Qxa2
28. Rfe1 e4 29. h3 e3 30. Ra1 Qb2 31. Reb1 Qxc3 32. g3 Bxf3+ 33. Kg1 e2+ 34.
Kh2 Qc2 35. g4 e1=Q# 0-1

[Event "Championnat Loire Jeunes 2009 - Pupilles"]
[Site "Saint Just"]
[Date "2009.10.25"]
[Round "4.1"]
[White "Bertinelli, Roman"]
[Black "Villemagne, Antoine"]
[Result "0-1"]
[WhiteElo "1099"]
[BlackElo "1300"]
[PlyCount "128"]
[EventDate "2009.??.??"]

1. e4 e5 2. Bc4 Nf6 3. d3 Bb4+ 4. Bd2 Nc6 5. a3 Ba5 6. b4 Bb6 7. Qf3 O-O 8. Nh3
d6 9. Ng5 Bg4 10. Qg3 Be6 11. O-O Nh5 12. Qh4 g6 13. Re1 f6 14. Nxe6 Qd7 15.
Nxf8+ Kxf8 16. Bh6+ Ke8 17. Re3 Bxe3 18. fxe3 g5 19. Qf2 a6 20. g4 b5 21. gxh5
bxc4 22. dxc4 Qf7 23. Qe2 a5 24. bxa5 Rxa5 25. Nd2 f5 26. Qf2 fxe4 27. Qxf7+
Kxf7 28. Nxe4 Ra4 29. Rf1+ Ke6 30. Nxg5+ Ke7 31. Rf7+ Ke8 32. Rf8+ Ke7 33. Rf7+
Ke8 34. Rxc7 Rxc4 35. Ne6 Rxc2 36. Ng7+ Kd8 37. Ra7 Nxa7 38. Ne6+ Ke7 39. Ng7
Nb5 40. a4 Nc3 41. a5 Ra2 42. Nf5+ Kf6 43. Nxd6 Rxa5 44. Ne8+ Ke7 45. Ng7 e4
46. Bf4 Ne2+ 47. Kf2 Nxf4 48. exf4 Kf7 49. Ke3 Kxg7 50. Kxe4 Kh6 51. f5 Kxh5
52. f6 Kg6 53. h4 Kxf6 54. Kf4 Re5 55. Kg4 Rf5 56. h5 h6 57. Kh4 Rg5 58. Kh3
Kf5 59. Kh4 Kf4 60. Kh3 Rg4 61. Kh2 Rg3 62. Kh1 Kf3 63. Kh2 Kf2 64. Kh1 Rh3#
0-1

[Event "Championnat Loire Jeunes 2009 - Pupilles"]
[Site "Saint Just"]
[Date "2009.10.25"]
[Round "4.2"]
[White "Coulomb, Marc"]
[Black "Crespy, Killian"]
[Result "1-0"]
[WhiteElo "1210"]
[BlackElo "1099"]
[PlyCount "55"]
[EventDate "2009.??.??"]

1. e3 e6 2. Nc3 Bb4 3. Nf3 Nf6 4. Bd3 O-O 5. O-O Bxc3 6. dxc3 Nc6 7. e4 e5 8.
Bg5 d6 9. h3 a5 10. a3 a4 11. Bb5 Nxe4 12. Bxd8 Rxd8 13. Bc4 Rf8 14. Bd5 Bf5
15. b3 Nxc3 16. Qc1 Nxd5 17. Nh4 Bxh3 18. gxh3 Rfe8 19. Nf5 Re6 20. Kh1 Rg6 21.
bxa4 Nf4 22. Rg1 Ne2 23. Qd1 Nxg1 24. Qh5 Nxh3 25. Qf3 Ng5 26. Qe2 d5 27. Nd4
Nxd4 28. Rg1 1-0

[Event "Championnat Loire Jeunes 2009 - Pupilles"]
[Site "Saint Just"]
[Date "2009.10.25"]
[Round "5.1"]
[White "Coulomb, Marc"]
[Black "Bertinelli, Roman"]
[Result "1-0"]
[WhiteElo "1210"]
[BlackElo "1099"]
[PlyCount "53"]
[EventDate "2009.??.??"]

1. g3 e6 2. Bg2 Bc5 3. Nf3 Qf6 4. O-O Nh6 5. Nc3 Ng4 6. e3 Qh6 7. h3 Nf6 8. b3
Nc6 9. Bb2 O-O 10. Qe2 a6 11. Rae1 Re8 12. Qd1 e5 13. Qb1 d5 14. d4 e4 15. Nh2
Bf5 16. dxc5 Bxh3 17. Ne2 Bxg2 18. Kxg2 Ng4 19. Nxg4 Qg5 20. Nh2 Qh5 21. Nf4
Qf5 22. Ba1 d4 23. exd4 Nxd4 24. Bxd4 Rad8 25. Ba1 b6 26. Qb2 bxc5 27. Qxg7#
1-0

[Event "Championnat Loire Jeunes 2009 - Pupilles"]
[Site "Saint Just"]
[Date "2009.10.25"]
[Round "5.2"]
[White "Crespy, Killian"]
[Black "Villemagne, Antoine"]
[Result "0-1"]
[WhiteElo "1099"]
[BlackElo "1300"]
[PlyCount "48"]
[EventDate "2009.??.??"]

1. d4 d5 2. e3 Bf5 3. Nf3 Nc6 4. Ne5 Nb4 5. Bd3 e6 6. Bxf5 exf5 7. O-O Qe7 8.
Nc3 O-O-O 9. Bd2 f6 10. Nd3 g6 11. Nxb4 Qxb4 12. Nxd5 Qxb2 13. Nxc7 Kxc7 14.
Ba5+ b6 15. Bxb6+ Qxb6 16. Rb1 Qa6 17. d5 Qxa2 18. Ra1 Qc4 19. Rxa7+ Kb8 20.
Qa1 Qxd5 21. Qa6 Rd7 22. Qb5+ Qxb5 23. Rxd7 Qxd7 24. Rd1 Qxd1# 0-1

[Event "Championnat Loire Jeunes 2009 - Pupilles"]
[Site "Saint Just"]
[Date "2009.10.25"]
[Round "6.1"]
[White "Bertinelli, Roman"]
[Black "Crespy, Killian"]
[Result "1-0"]
[WhiteElo "1099"]
[BlackElo "1099"]
[PlyCount "54"]
[EventDate "2009.??.??"]

1. d4 g6 2. e4 b6 3. Bf4 Bg7 4. Nc3 Bb7 5. Nb5 d6 6. e5 dxe5 7. dxe5 Qxd1+ 8.
Rxd1 Nc6 9. e6 Rb8 10. Nxc7+ Kf8 11. Nb5 Ne5 12. Nf3 Nxf3+ 13. gxf3 Rc8 14. c3
a6 15. Na7 Ra8 16. Nb5 axb5 17. Bxb5 Bxf3 18. Rd7 Bxh1 19. Ba6 Nf6 20. Rd4 fxe6
21. Bc4 Nh5 22. Bc7 Bxd4 23. Bxe6 Ng7 24. Bd7 Ne8 25. Bf4 Be5 26. Bh6+ Ng7 27.
Bb5 e6 1-0

[Event "Championnat Loire Jeunes 2009 - Pupilles"]
[Site "Saint Just"]
[Date "2009.10.25"]
[Round "6.2"]
[White "Villemagne, Antoine"]
[Black "Coulomb, Marc"]
[Result "0-1"]
[WhiteElo "1300"]
[BlackElo "1210"]
[PlyCount "29"]
[EventDate "2009.??.??"]

1. e4 e5 2. Bc4 Bd6 3. Nf3 Nf6 4. d3 O-O 5. O-O b5 6. Bxb5 a6 7. Bc4 Nc6 8. Bg5
Bc5 9. a3 d6 10. b4 Bxf2+ 11. Rxf2 Re8 12. Nc3 Nd4 13. Nxd4 exd4 14. Ne2 Qd7
15. Rf3 0-1

[Event "Championnat Loire Jeunes 2009 - Benjamin"]
[Site "Saint Just"]
[Date "2009.10.24"]
[Round "1.1"]
[White "Maller, Augustin"]
[Black "Bec, Jimmy"]
[Result "0-1"]
[WhiteElo "1199"]
[BlackElo "1680"]
[PlyCount "82"]
[EventDate "2009.??.??"]

1. e4 e6 2. Nf3 Nf6 3. Nc3 Be7 4. g3 O-O 5. Bg2 d6 6. O-O Nbd7 7. d4 b6 8. d5
e5 9. Be3 Nc5 10. Ne1 Rb8 11. Nd3 Ba6 12. b4 Nxd3 13. cxd3 Qd7 14. Re1 c5 15.
bxc5 bxc5 16. f4 Rfc8 17. fxe5 dxe5 18. Rb1 Qd6 19. a4 Rxb1 20. Nxb1 Rc7 21.
Na3 c4 22. Bf1 Qxa3 23. d4 Qd6 24. Qc1 Nxe4 25. Bg5 Bxg5 26. Qd1 Qxd5 27. Bg2
f5 28. h4 Bf6 29. g4 Qxd4+ 30. Kh1 Qxd1 31. Rxd1 Nf2+ 32. Kg1 Nxd1 33. gxf5 c3
34. Be4 c2 35. Bxc2 Rxc2 36. a5 e4 37. h5 e3 38. h6 Bh4 39. f6 gxf6 40. Kh1 e2
41. Kg1 e1=Q# 0-1

[Event "Championnat Loire Jeunes 2009 - Benjamin"]
[Site "Saint Just"]
[Date "2009.10.24"]
[Round "1.2"]
[White "Buisine, Roman"]
[Black "Richard, Nicolas"]
[Result "1-0"]
[WhiteElo "1550"]
[BlackElo "1199"]
[PlyCount "59"]
[EventDate "2009.??.??"]

1. e4 e5 2. Nf3 Nc6 3. Bb5 Nf6 4. Bxc6 dxc6 5. O-O Bd6 6. d4 Qe7 7. Bg5 h6 8.
Bh4 O-O 9. Bg3 Nxe4 10. dxe5 Nxg3 11. exd6 cxd6 12. fxg3 Qf6 13. Nc3 Be6 14.
Nd4 Qe5 15. Re1 Qc5 16. Kh1 Bd5 17. Nxd5 Qxd5 18. Nb3 Qxd1 19. Raxd1 Rad8 20.
Re7 Rb8 21. Rxd6 Rbd8 22. Rxd8 Rxd8 23. Kg1 Kf8 24. Rxb7 a5 25. Ra7 Rd5 26.
Rxa5 Rd1+ 27. Kf2 Rb1 28. Rc5 Rxb2 29. a4 Ra2 30. a5 1-0

[Event "Championnat Loire Jeunes 2009 - Benjamin"]
[Site "Saint Just"]
[Date "2009.10.24"]
[Round "1.3"]
[White "Desassis, Emmeran"]
[Black "Rasle, Corentin"]
[Result "0-1"]
[WhiteElo "1120"]
[BlackElo "1350"]
[PlyCount "76"]
[EventDate "2009.??.??"]

1. d4 Nf6 2. Nc3 g6 3. Bf4 d5 4. Nb5 Na6 5. Nf3 c6 6. e3 cxb5 7. Bxb5+ Bd7 8.
Qe2 Bxb5 9. Qxb5+ Qd7 10. Qxd7+ Nxd7 11. Ne5 Nxe5 12. Bxe5 f6 13. Bg3 Bg7 14.
Rc1 Rc8 15. b3 b5 16. O-O O-O 17. Ra1 Rxc2 18. a4 b4 19. Rac1 Rfc8 20. Rcd1
R2c3 21. Rb1 Nc7 22. Bxc7 R8xc7 23. Rfe1 e5 24. h3 a5 25. Rbd1 e4 26. Rf1 Rxb3
27. Rb1 Rxb1 28. Rxb1 Rc3 29. Re1 Ra3 30. f3 f5 31. Rc1 Rc3 32. Re1 b3 33. Kf2
Rc2+ 34. Re2 Rxe2+ 35. Kxe2 b2 36. Kf2 b1=Q 37. Kg3 h6 38. Kf4 Qb8# 0-1

[Event "Championnat Loire Jeunes 2009 - Benjamin"]
[Site "Saint Just"]
[Date "2009.10.24"]
[Round "2.1"]
[White "Bec, Jimmy"]
[Black "Victoria, Philippe"]
[Result "0-1"]
[WhiteElo "1680"]
[BlackElo "1050"]
[PlyCount "56"]
[EventDate "2009.??.??"]

1. c4 c5 2. Nc3 g6 3. d3 Bg7 4. Bd2 Nf6 5. g3 Nc6 6. Bg2 b6 7. e3 Bb7 8. Nge2
O-O 9. O-O e6 10. Rb1 d5 11. b3 dxc4 12. bxc4 Qxd3 13. Rc1 Qxc4 14. Rc2 Qd3 15.
Nc1 Qd8 16. f4 Rc8 17. Qe2 Qd7 18. Nb3 Nb4 19. Rcc1 Bxg2 20. Qxg2 Qc6 21. Qxc6
Rxc6 22. Rfd1 Rd6 23. a3 Nbd5 24. Nxd5 Rxd5 25. Bc3 Rfd8 26. Rxd5 Rxd5 27. Bxf6
Bxf6 28. Kf1 Rd3 0-1

[Event "Championnat Loire Jeunes 2009 - Benjamin"]
[Site "Saint Just"]
[Date "2009.10.24"]
[Round "2.2"]
[White "Rasle, Corentin"]
[Black "Buisine, Roman"]
[Result "0-1"]
[WhiteElo "1350"]
[BlackElo "1550"]
[PlyCount "98"]
[EventDate "2009.??.??"]

1. d4 Nf6 2. c4 e6 3. Nc3 Bb4 4. Bg5 O-O 5. Nf3 h6 6. Bh4 d5 7. e3 Nbd7 8. Bd3
c5 9. O-O Nb6 10. cxd5 Nbxd5 11. Nxd5 Qxd5 12. Bxf6 gxf6 13. Rc1 cxd4 14. Nxd4
b6 15. a3 Bd6 16. Re1 Bb7 17. Nf3 Qh5 18. h3 Bxf3 19. Qxf3 Qxf3 20. gxf3 Rac8
21. Red1 Rc7 22. Rc2 Rfc8 23. Rdc1 Rxc2 24. Bxc2 Rc7 25. Kf1 Rc5 26. Ke1 Rh5
27. f4 Rxh3 28. Rd1 Rh1+ 29. Ke2 Rxd1 30. Kxd1 f5 31. Kd2 h5 32. Bd3 h4 33. Bf1
Kg7 34. f3 f6 35. Kd3 e5 36. fxe5 fxe5 37. e4 Kf6 38. Kc4 Kg5 39. exf5 Kxf5 40.
Kb5 Bc5 41. Ka6 Kf4 42. b4 Bd4 43. Kxa7 Kg3 44. a4 h3 45. Bxh3 Kxh3 46. a5
bxa5+ 47. Ka6 axb4 48. Kb5 b3 49. Kc4 b2 0-1

[Event "Championnat Loire Jeunes 2009 - Benjamin"]
[Site "Saint Just"]
[Date "2009.10.24"]
[Round "2.3"]
[White "Richard, Nicolas"]
[Black "Maller, Augustin"]
[Result "1-0"]
[WhiteElo "1199"]
[BlackElo "1199"]
[PlyCount "23"]
[EventDate "2009.??.??"]

1. e4 e5 2. Nf3 Nc6 3. Nc3 Nf6 4. Bb5 d5 5. d3 Bg4 6. h3 Bxf3 7. Qxf3 Bc5 8.
O-O Qd7 9. Bd2 d4 10. Nd5 Nxd5 11. exd5 Nb4 {
le roque est impossible je ne peux pas continuer} 12. Bxd7+ 1-0

[Event "Championnat Loire Jeunes 2009 - Benjamin"]
[Site "Saint Just"]
[Date "2009.10.24"]
[Round "3.1"]
[White "Victoria, Philippe"]
[Black "Buisine, Roman"]
[Result "0-1"]
[WhiteElo "1050"]
[BlackElo "1550"]
[PlyCount "44"]
[EventDate "2009.??.??"]

1. d4 Nf6 2. g3 e6 3. Bg2 d5 4. Nf3 c5 5. e3 Nc6 6. c3 Bd6 7. O-O Bd7 8. Qb3 c4
9. Qc2 O-O 10. Re1 b5 11. b4 a5 12. a4 axb4 13. Bd2 b3 14. Qd1 bxa4 15. Na3 Rb8
16. Bc1 b2 17. Bxb2 Rxb2 18. Qxa4 Nxd4 19. Qa6 Nxf3+ 20. Bxf3 Qc7 21. Rab1 Bxa3
22. Rxb2 Bxb2 0-1

[Event "Championnat Loire Jeunes 2009 - Benjamin"]
[Site "Saint Just"]
[Date "2009.10.24"]
[Round "3.2"]
[White "Bec, Jimmy"]
[Black "Desassis, Emmeran"]
[Result "1-0"]
[WhiteElo "1680"]
[BlackElo "1120"]
[PlyCount "111"]
[EventDate "2009.??.??"]

1. c4 f5 2. d4 Nf6 3. Nc3 g6 4. Bf4 d6 5. e3 Nbd7 6. Nf3 Bg7 7. Bd3 e6 8. O-O
O-O 9. b3 Re8 10. Re1 b6 11. e4 fxe4 12. Nxe4 Nxe4 13. Bxe4 Rb8 14. Qd2 Bb7 15.
Bxb7 Rxb7 16. Bh6 Qf6 17. Bg5 Qf8 18. Re3 h6 19. Bh4 c5 20. Rae1 Qf7 21. Bg3
cxd4 22. Nxd4 Nc5 23. Bxd6 Rd7 24. Be5 Ree7 25. Bxg7 Qxg7 26. Rd1 e5 27. Qc3
exd4 28. Rxe7 Qxe7 29. Qd2 Ne4 30. Qxh6 Nxf2 31. Qxg6+ Qg7 32. Qxg7+ Rxg7 33.
Kxf2 Rf7+ 34. Kg3 Rg7+ 35. Kf3 Rf7+ 36. Ke4 Rf2 37. a3 Rxg2 38. Rxd4 Rg4+ 39.
Ke3 Rg2 40. Rd8+ Kh7 41. Rd7+ Kh6 42. Rxa7 Rxh2 43. Ra6 Rh3+ 44. Kd4 Rxb3 45.
c5 Rb2 46. Rxb6+ Rxb6 47. cxb6 Kh5 48. b7 Kg4 49. b8=Q Kf3 50. a4 Ke2 51. a5
Kf3 52. a6 Ke2 53. a7 Kd2 54. Qb2+ Ke1 55. Ke3 Kf1 56. Qf2# 1-0

[Event "Championnat Loire Jeunes 2009 - Benjamin"]
[Site "Saint Just"]
[Date "2009.10.24"]
[Round "3.3"]
[White "Richard, Nicolas"]
[Black "Rasle, Corentin"]
[Result "0-1"]
[WhiteElo "1199"]
[BlackElo "1350"]
[PlyCount "65"]
[EventDate "2009.??.??"]

1. e4 e6 2. Nf3 d5 3. e5 c5 4. Bb5+ Bd7 5. Bxd7+ Qxd7 6. d4 Nc6 7. Be3 Nge7 8.
Nc3 Nf5 9. Qd2 Be7 10. O-O Qc7 11. h3 Qb6 12. b3 cxd4 13. Na4 Qb4 14. c3 dxe3
15. fxe3 Qa5 16. Rac1 O-O 17. Rfe1 Rfd8 18. Qc2 Rac8 19. b4 Qc7 20. e4 dxe4 21.
Qxe4 b5 22. Nb2 a5 23. Nd3 a4 24. a3 Qd7 25. Nf4 Bg5 26. Rf1 Bxf4 27. Qxf4 Qd3
28. Qg4 Qe3+ 29. Kh1 Nxe5 30. Qh5 Nxf3 31. gxf3 Ng3+ 32. Kg2 Nxh5 33. h4 0-1

[Event "Championnat Loire Jeunes 2009 - Benjamin"]
[Site "Saint Just"]
[Date "2009.10.25"]
[Round "4.1"]
[White "Buisine, Roman"]
[Black "Bec, Jimmy"]
[Result "1/2-1/2"]
[WhiteElo "1550"]
[BlackElo "1680"]
[PlyCount "39"]
[EventDate "2009.??.??"]

1. e4 e6 2. d4 d5 3. exd5 exd5 4. c4 c6 5. Nc3 Nf6 6. Bg5 Be7 7. Be2 O-O 8. Nf3
Bf5 9. O-O Nbd7 10. Re1 Re8 11. Qd2 Qc7 12. Rac1 Ne4 13. Nxe4 Bxe4 14. Bxe7
Rxe7 15. cxd5 Bxd5 16. Bc4 Nf6 17. Bxd5 Nxd5 18. Rxe7 Qxe7 19. Re1 Qd7 20. Ne5
$11 1/2-1/2

[Event "Championnat Loire Jeunes 2009 - Benjamin"]
[Site "Saint Just"]
[Date "2009.10.25"]
[Round "4.2"]
[White "Rasle, Corentin"]
[Black "Victoria, Philippe"]
[Result "1-0"]
[WhiteElo "1350"]
[BlackElo "1050"]
[PlyCount "37"]
[EventDate "2009.??.??"]

1. d4 d5 2. c4 c6 3. Nc3 Nf6 4. Nf3 Bg4 5. e3 e6 6. Be2 Bxf3 7. Bxf3 Nbd7 8.
O-O b6 9. Re1 Bd6 10. e4 dxe4 11. Nxe4 Nxe4 12. Bxe4 Rc8 13. Be3 f5 14. Bxf5
exf5 15. Bg5+ Be7 16. Bxe7 Qc7 17. Bd6+ Kd8 18. Bxc7+ Kxc7 19. Re7 {abandon}
1-0

[Event "Championnat Loire Jeunes 2009 - Benjamin"]
[Site "Saint Just"]
[Date "2009.10.25"]
[Round "4.3"]
[White "Desassis, Emmeran"]
[Black "Maller, Augustin"]
[Result "1-0"]
[WhiteElo "1120"]
[BlackElo "1199"]
[PlyCount "51"]
[EventDate "2009.??.??"]

1. d4 d5 2. Nc3 Nf6 3. Bf4 Nc6 4. Nb5 e6 5. Nxc7+ Ke7 6. Nxa8 Bd7 7. Nc7 h6 8.
Nb5 a6 9. Bd6+ Ke8 10. Nc7+ Qxc7 11. Bxc7 Bb4+ 12. c3 Bd6 13. Bxd6 Ne4 14. Be5
Ke7 15. Bxg7 Rg8 16. Bxh6 e5 17. Nf3 f6 18. Qa4 Nb8 19. Qa3+ Ke6 20. dxe5 fxe5
21. Nxe5 Nc6 22. Nxd7 Kxd7 23. f3 Nf6 24. g3 Rg6 25. Bh3+ Ke8 26. Qf8# 1-0

[Event "Championnat Loire Jeunes 2009 - Benjamin"]
[Site "Saint Just"]
[Date "2009.10.25"]
[Round "5.1"]
[White "Bec, Jimmy"]
[Black "Rasle, Corentin"]
[Result "1/2-1/2"]
[WhiteElo "1680"]
[BlackElo "1350"]
[PlyCount "32"]
[EventDate "2009.??.??"]

1. d4 Nf6 2. c4 g6 3. Nc3 d5 4. cxd5 Nxd5 5. e4 Nxc3 6. bxc3 Bg7 7. Nf3 O-O 8.
Bc4 Bg4 9. h3 Bxf3 10. Qxf3 c5 11. d5 Nd7 12. O-O Nb6 13. Bb3 Qd7 14. Bd2 Rac8
15. Rac1 $11 Rfe8 16. Qe3 $11 c4 1/2-1/2

[Event "Championnat Loire Jeunes 2009 - Benjamin"]
[Site "Saint Just"]
[Date "2009.10.25"]
[Round "5.2"]
[White "Desassis, Emmeran"]
[Black "Richard, Nicolas"]
[Result "1/2-1/2"]
[WhiteElo "1120"]
[BlackElo "1199"]
[PlyCount "87"]
[EventDate "2009.??.??"]

1. d4 d5 2. Nc3 Nf6 3. Bf4 Nc6 4. Nb5 Rb8 5. Bxc7 Qd7 6. Bxb8 Nxb8 7. Nxa7 Ne4
8. Nh3 Nc6 9. Nxc6 bxc6 10. f3 Nf6 11. e4 dxe4 12. fxe4 Nxe4 13. Bd3 Qxd4 14.
c3 Qe5 15. O-O Ng5 16. Nxg5 Qxg5 17. Qf3 f6 18. Qxc6+ Bd7 19. Qa8+ Kf7 20. Bc4+
e6 21. Rae1 Bd6 22. Qb7 Rd8 23. Qe4 Re8 24. Rf5 Qd2 25. Rf2 Qh6 26. Rd1 Qxh2+
27. Kf1 f5 28. Bxe6+ Bxe6 29. Qb7+ Kg6 30. g3 Bc4+ 31. Re2 Bxe2+ 32. Ke1 Bxd1+
33. Kxd1 Bxg3 34. Qc6+ Bd6 35. Qxe8+ Kg5 36. Qe3+ Bf4 37. Qe7+ Kh6 38. Qe6+ g6
39. Qd5 Qxb2 40. Qh1+ Kg7 41. Qd5 Qxc3 42. Qb7+ Kf6 43. Qb6+ Kg5 44. Qg1+
1/2-1/2

[Event "Championnat Loire Jeunes 2009 - Benjamin"]
[Site "Saint Just"]
[Date "2009.10.25"]
[Round "5.3"]
[White "Maller, Augustin"]
[Black "Victoria, Philippe"]
[Result "0-1"]
[WhiteElo "1199"]
[BlackElo "1050"]
[PlyCount "132"]
[EventDate "2009.??.??"]

1. e4 c5 2. Nc3 Nc6 3. Nf3 e5 4. d3 g6 5. g3 Bg7 6. Bg2 Nge7 7. Be3 b6 8. a3
Nd4 9. O-O Nec6 10. b4 O-O 11. bxc5 bxc5 12. Rb1 Qa5 13. a4 Qxc3 14. Bd2 Nxf3+
15. Bxf3 Qd4 16. c3 Qxd3 17. Be2 Qxe4 18. Bf3 Qd3 19. Re1 Rb8 20. Rxb8 Nxb8 21.
Rxe5 Bxe5 22. Bf4 Qxd1+ 23. Bxd1 Nc6 24. Bf3 Bxc3 25. Be3 Ne5 26. Bg2 c4 27.
Bxa7 f5 28. Kf1 f4 29. Ke2 fxg3 30. hxg3 d6 31. f4 Bg4+ 32. Ke3 Nc6 33. Bd4
Nxd4 34. a5 Nf5+ 35. Ke4 Re8+ 36. Kd5 Ne3+ 37. Kc6 Nxg2 38. a6 Bf3+ 39. Kc7 Bb4
40. a7 Re7+ 41. Kb8 Kf8 42. a8=Q Bxa8 43. Kxa8 Ke8 44. Kb8 d5 45. Kc8 Rd7 46.
f5 Bd6 47. fxg6 Rc7+ 48. Kb8 hxg6 49. g4 Kd8 50. g5 Bc5 51. Ka8 Rc6 52. Kb8
Bd6+ 53. Ka8 Kc8 54. Ka7 Rc5 55. Kb6 Kb8 56. Ka6 Rc6+ 57. Kb5 c3 58. Ka5 Kb7
59. Ka4 Rb6 60. Ka5 Kc7 61. Ka4 Ra6+ 62. Kb3 Be5 63. Kb4 c2 64. Kb3 c1=Q 65.
Kb4 Rb6+ 66. Ka4 Qa1# 0-1

[Event "Championnat Loire Jeunes 2009 - Minimes"]
[Site "Saint Just"]
[Date "2009.10.24"]
[Round "1.2"]
[White "Chambosse, Alexis"]
[Black "Bourchany, Marie"]
[Result "1-0"]
[WhiteElo "1490"]
[BlackElo "1199"]
[PlyCount "39"]
[EventDate "2009.??.??"]

1. e4 Nc6 2. d4 Nf6 3. e5 Ne4 4. Bd3 d5 5. Nf3 e6 6. c4 Bb4+ 7. Nbd2 O-O 8. a3
Ba5 9. b4 Bb6 10. c5 Nc3 11. Qc2 a6 12. Bxh7+ Kh8 13. cxb6 Nb5 14. Nb3 cxb6 15.
O-O Ne7 16. Ng5 Bd7 17. Qd1 Qc8 18. Qh5 Qc2 19. Bg6+ Kg8 20. Qh7# 1-0

[Event "Championnat Loire Jeunes 2009 - Minimes"]
[Site "Saint Just"]
[Date "2009.10.24"]
[Round "1.3"]
[White "Desassis, Maxence"]
[Black "Vanel, Alexandre"]
[Result "1-0"]
[WhiteElo "1690"]
[BlackElo "1199"]
[PlyCount "81"]
[EventDate "2009.??.??"]

1. d4 d5 2. Nf3 Nc6 3. a3 Bf5 4. Bg5 f6 5. Bh4 e6 6. e3 Bd6 7. Bd3 Bxd3 8. Qxd3
g5 9. Bg3 e5 10. dxe5 fxe5 11. Qxd5 Nf6 12. Qe6+ Be7 13. Bxe5 Nxe5 14. Nxe5 Qd6
15. Qxd6 Bxd6 16. Nf3 O-O 17. Nxg5 Nd5 18. Ne4 Be5 19. Nbc3 Nxc3 20. Nxc3 Rad8
21. f4 Bxc3+ 22. bxc3 Rd6 23. Rd1 Re6 24. Kf2 Rfe8 25. Rhe1 Kf7 26. Rd7+ R8e7
27. Rxe7+ Rxe7 28. Rd1 Ke6 29. e4 Kf6 30. Kf3 c6 31. Rd5 b6 32. e5+ Kf5 33. g4+
Kg6 34. h4 h5 35. Rd6+ Kh7 36. gxh5 Rg7 37. e6 Re7 38. Rd7 Rxd7 39. exd7 Kh6
40. d8=Q Kxh5 41. Qg5# 1-0

[Event "Championnat Loire Jeunes 2009 - Minimes"]
[Site "Saint Just"]
[Date "2009.10.24"]
[Round "2.2"]
[White "Bourchany, Marie"]
[Black "Desassis, Maxence"]
[Result "0-1"]
[WhiteElo "1199"]
[BlackElo "1690"]
[PlyCount "54"]
[EventDate "2009.??.??"]

1. e4 e5 2. Nf3 Nc6 3. Nc3 Nf6 4. Be2 d5 5. exd5 Nxd5 6. Nxd5 Qxd5 7. O-O Bc5
8. d3 O-O 9. b3 Bf5 10. c4 Qd6 11. Bb2 Rfe8 12. Qc2 Nd4 13. Rfe1 Nxe2+ 14. Rxe2
Bxd3 15. Rd2 e4 16. Qc3 f6 17. Ne1 Rad8 18. Rad1 Bb4 19. Rxd3 exd3 20. Qc1 d2
21. Qb1 dxe1=R+ 22. Rxe1 Rxe1+ 23. Qxe1 Qd1 24. Qf1 Qxf1+ 25. Kxf1 Rd2 26. Bc1
Rd1+ 27. Ke2 Rxc1 0-1

[Event "Championnat Loire Jeunes 2009 - Minimes"]
[Site "Saint Just"]
[Date "2009.10.24"]
[Round "2.3"]
[White "Bader, Gaetan"]
[Black "Chambosse, Alexis"]
[Result "0-1"]
[WhiteElo "1220"]
[BlackElo "1490"]
[PlyCount "26"]
[EventDate "2009.??.??"]

1. d4 f5 2. e3 Nf6 3. Nc3 e6 4. Nf3 Bb4 5. Bb5 O-O 6. O-O b6 7. a3 Bd6 8. a4
Bb7 9. Ng5 Bxh2+ 10. Kxh2 Ng4+ 11. Kg1 Qxg5 12. f3 Nxe3 13. Qe1 Qxg2# 0-1